000 00630nam a2200205 i 4500
001 78722
003 ES-MaACL
005 20230906173808.0
007 t|
008 041015s1908 sp ||||1| cat d
100 1 _aHawthorne, Nathaniel.
_962176
245 1 0 _aContes extranys /
_cNathaniel Hawthorne ; traduccio directa de l'angles per M. M.
260 _aBarcelona :
_b[s.n.,
_c1908] (
_fJ. Vives)
300 _a254 p. ;
_c20 cm.
490 1 _aBiblioteca d'el poble catalá
700 1 _aM. M.
_974985
830 0 _aBiblioteca d'el poble catalá
_9182915
852 _aES-MaACL
_jC-19868
_bR.47315
999 _c78722
_d78722